000 01915nam a2200253Ia 4500
008 260220t1988||||xx |||||||||||||| ||spa||
040 _aPY-SlUNAC
_bspa
_erda
041 _aspa
082 _a591
_bAr46r
100 _aArita, Hector T.
_eAutor
245 0 _aRevisión taxonómica de los murciélagos magueyros del género leptonycteris (Chiroptera Phyllostomidae) /
_cpor Hector T. Arita [Autor] y Stephen R. Humphrey [Autor]
264 _aCiudad de México :
_bInstituto de Ecología,
_c℗1988.
300 _a1 volumen
520 _aEn "Revisión taxonómica de los murciélagos magueyros del género Leptonycteris", Hector T. Arita presenta un exhaustivo análisis taxonómico de los murciélagos pertenecientes al género Leptonycteris, que se destacan por su vinculación ecológica con las plantas de maguey en México. A través de la recopilación y revisión de datos morfológicos, ecológicos y biogeográficos, el autor establece las características distintivas de las especies dentro de este género, contribuyendo a una mejor comprensión de su diversidad y distribución. La obra se fundamenta en un enfoque sistemático que incluye descripciones detalladas de las especies, así como la identificación de sus hábitats y patrones de comportamiento. Arita también discute la importancia de estos murciélagos en los ecosistemas de su entorno, subrayando su papel en la polinización de plantas y su significado en la conservación. Este estudio es un recurso valioso para investigadores y ecologistas interesados en la biodiversidad de los Chiroptera y la ecología de los ambientes xerófilos.
653 _aBiodiversidad
653 _aMurciélagos
653 _aTaxonomía
700 _aHumphrey, Stephen R.
_eAutor
942 _b2026/02/17
_cBK
999 _c8318
_d8318